000
00331nam a2200133Ia 4500
008
230717s9999 xx 000 0 und d
020
_a
81-7534-144-7
041
_a
eng
082
_a
340.1
_b
FRI
100
_a
Friedmann W
245
_a
Legal Theory
250
_a
5ed.
260
_a
Delhi
_b
Universal Law Publishing Co.Pvt.Ltd.
_c
1967
999
_c
671519
_d
671519